[Event "European Online Club-ch-E 2021"]
[Site "Online"]
[Date "2021.03.27"]
[Round "7.12"]
[White "Cornette, Matthieu"]
[Black "Liiva, Riho"]
[Result "1/2-1/2"]
[WhiteElo "2555"]
[BlackElo "2443"]
[Annotator "ChessBase"]
[PlyCount "75"]
[EventDate "2021.03.27"]
[EventType "team-tourn"]
[EventCountry "NET"]
[SourceTitle "playchess.com"]
[Source "ChessBase"]
[SourceQuality "1"]
[TimeControl "900+5"]

1. e4 {[%emt 0:00:00]} d5 {[%emt 0:00:04]} 2. exd5 {[%emt 0:00:03]} Qxd5 {[%emt 0:00:02]} 3. Nc3 {[%emt 0:00:02]} Qd6 {[%emt 0:00:01]} 4. d4 {[%emt 0:00:02]} Nf6 {[%emt 0:00:02]} 5. Nf3 {[%emt 0:00:02]} a6 {[%emt 0:00:01]} 6. Bd3 {[%emt 0:00:14]} Bg4 {[%emt 0:00:03]} 7. h3 {[%emt 0:00:12]} Bh5 {[%emt 0:00:03]} 8. O-O {[%emt 0:00:08]} Nbd7 {[%emt 0:00:21]} 9. Re1 {[%emt 0:00:57]} e6 {[%emt 0:00:05]} 10. g4 {[%emt 0:00:46]} Bg6 {[%emt 0:00:03]} 11. d5 {[%emt 0:00:08]} Nc5 {[%emt 0:01:29]} 12. Bxg6 {[%emt 0:02:01]} hxg6 {[%emt 0:00:03]} 13. dxe6 {[%emt 0:00:05]} Nxe6 {[%emt 0:00:14]} 14. Ng5 {[%emt 0:02:54]} Qxd1 {[%emt 0:00:41]} 15. Nxd1 {[%emt 0:00:00]} Be7 {[%emt 0:00:41]} 16. Nxe6 {[%emt 0:00:07]} fxe6 {[%emt 0:00:03]} 17. Kg2 {[%emt 0:00:15]} Kf7 {[%emt 0:00:46]} 18. c4 {[%emt 0:03:01]} Rad8 {[%emt 0:01:26]} 19. Ne3 {[%emt 0:00:24]} Bb4 {[%emt 0:01:32]} 20. Re2 {[%emt 0:00:12]} Rd3 {[%emt 0:00:23]} 21. a3 {[%emt 0:00:32]} Be7 {[%emt 0:00:20]} 22. b4 {[%emt 0:01:12]} Ne4 {[%emt 0:00:19]} 23. Bb2 {[%emt 0:00:52]} Bf6 {[%emt 0:00:29]} 24. c5 {[%emt 0:00:13]} Ng5 {[%emt 0:00:53]} 25. Rh1 {[%emt 0:00:10]} Bxb2 {[%emt 0:02:02]} 26. Rxb2 {[%emt 0:00:00]} Rxa3 {[%emt 0:00:02]} 27. Rd2 {[%emt 0:00:09]} Ke7 {[%emt 0:00:28]} 28. Rhd1 {[%emt 0:01:35]} Nxh3 {[%emt 0:00:29]} 29. Rd7+ {[%emt 0:00:10]} Kf6 {[%emt 0:00:03]} 30. Rxc7 {[%emt 0:00:05]} Nf4+ {[%emt 0:00:31]} 31. Kg1 {[%emt 0:00:07]} Ra2 {[%emt 0:00:59]} 32. Rxb7 {[%emt 0:00:12]} Kg5 {[%emt 0:00:37]} 33. Rf1 {[%emt 0:00:18]} Rh3 {[%emt 0:00:37]} 34. c6 {[%emt 0:00:15]} Ne2+ {[%emt 0:00:31]} 35. Kg2 {[%emt 0:00:02]} Nf4+ {[%emt 0:00:11]} 36. Kg1 {[%emt 0:00:01]} Ne2+ {[%emt 0:00:26]} 37. Kg2 {[%emt 0:00:02]} Nf4+ {[%emt 0:00:02]} 38. Kg1 {[%emt 0:00:01]} 1/2-1/2

[Event "European Online Club-ch-E 2021"]
[Site "Online"]
[Date "2021.03.27"]
[Round "7.13"]
[White "Dedebas, Emre Emin"]
[Black "Guseinov, Gadir"]
[Result "1/2-1/2"]
[WhiteElo "2335"]
[BlackElo "2665"]
[Annotator "ChessBase"]
[PlyCount "102"]
[EventDate "2021.03.27"]
[EventType "team-tourn"]
[EventCountry "NET"]
[SourceTitle "playchess.com"]
[Source "ChessBase"]
[SourceQuality "1"]
[TimeControl "900+5"]

1. d4 {[%emt 0:00:00]} Nf6 {[%emt 0:00:03]} 2. Bf4 {[%emt 0:00:05]} g6 {[%emt 0:00:04]} 3. Nc3 {[%emt 0:00:02]} d5 {[%emt 0:00:04]} 4. e3 {[%emt 0:00:02]} Bg7 {[%emt 0:00:02]} 5. h4 {[%emt 0:00:03]} h5 {[%emt 0:00:02]} 6. Nf3 {[%emt 0:00:03]} O-O {[%emt 0:00:05]} 7. Ne5 {[%emt 0:00:11]} c5 {[%emt 0:00:06]} 8. Qd2 {[%emt 0:00:05]} Nc6 {[%emt 0:00:08]} 9. dxc5 {[%emt 0:03:33]} Qa5 {[%emt 0:00:53]} 10. Nxc6 {[%emt 0:02:06]} bxc6 {[%emt 0:00:05]} 11. Be5 {[%emt 0:00:15]} Bf5 {[%emt 0:01:07]} 12. Bd3 {[%emt 0:00:58]} Bxd3 {[%emt 0:00:06]} 13. cxd3 {[%emt 0:00:17]} Qxc5 {[%emt 0:00:05]} 14. O-O {[%emt 0:00:31]} Ng4 {[%emt 0:00:15]} 15. d4 {[%emt 0:00:14]} Qa5 {[%emt 0:00:08]} 16. Bxg7 {[%emt 0:00:29]} Kxg7 {[%emt 0:00:02]} 17. Rac1 {[%emt 0:00:22]} Rac8 {[%emt 0:00:16]} 18. a3 {[%emt 0:00:17]} Kh7 {[%emt 0:01:49]} 19. Ne4 {[%emt 0:01:32]} Qc7 {[%emt 0:00:23]} 20. Ng5+ {[%emt 0:00:03]} Kg8 {[%emt 0:00:02]} 21. g3 {[%emt 0:00:01]} e5 {[%emt 0:00:09]} 22. Rc5 {[%emt 0:02:00]} Qd7 {[%emt 0:00:21]} 23. Rfc1 {[%emt 0:00:09]} f6 {[%emt 0:00:39]} 24. Nf3 {[%emt 0:00:06]} e4 {[%emt 0:00:02]} 25. Ne1 {[%emt 0:00:15]} Nh6 {[%emt 0:00:07]} 26. Kh2 {[%emt 0:00:10]} g5 {[%emt 0:00:12]} 27. Ng2 {[%emt 0:00:07]} Ng4+ {[%emt 0:00:04]} 28. Kg1 {[%emt 0:00:03]} Nh6 {[%emt 0:00:01]} 29. Kh2 {[%emt 0:00:01]} Nf5 {[%emt 0:00:04]} 30. Qc2 {[%emt 0:00:47]} Ne7 {[%emt 0:00:49]} 31. Qe2 {[%emt 0:00:08]} Qe8 {[%emt 0:00:05]} 32. b4 {[%emt 0:00:08]} Rb8 {[%emt 0:00:14]} 33. Ra5 {[%emt 0:00:10]} Rb7 {[%emt 0:00:05]} 34. Rac5 {[%emt 0:00:10]} Kg7 {[%emt 0:00:05]} 35. Qa6 {[%emt 0:00:11]} Qd7 {[%emt 0:00:30]} 36. Qe2 {[%emt 0:00:11]} Rh8 {[%emt 0:00:06]} 37. Rb1 {[%emt 0:00:11]} Ng6 {[%emt 0:00:09]} 38. b5 {[%emt 0:00:08]} cxb5 {[%emt 0:00:08]} 39. Rbxb5 {[%emt 0:00:05]} Ne7 {[%emt 0:02:48]} 40. Rxb7 {[%emt 0:01:10]} Qxb7 {[%emt 0:00:03]} 41. Qb5 {[%emt 0:00:50]} Rb8 {[%emt 0:00:14]} 42. Qe2 {[%emt 0:00:04]} Kg6 {[%emt 0:00:06]} 43. Qc2 {[%emt 0:00:02]} Qb2 {[%emt 0:00:13]} 44. Ne1 {[%emt 0:00:11]} Qa1 {[%emt 0:00:39]} 45. Ng2 {[%emt 0:00:12]} Rb2 {[%emt 0:00:04]} 46. Qa4 {[%emt 0:00:02]} Rb8 {[%emt 0:00:54]} 47. Qd7 {[%emt 0:00:02]} Rb1 {[%emt 0:02:18]} 48. Qe8+ {[%emt 0:00:07]} Kf5 {[%emt 0:00:12]} 49. Qd7+ {[%emt 0:00:02]} Kg6 {[%emt 0:00:02]} 50. Qe8+ {[%emt 0:00:02]} Kf5 {[%emt 0:00:01]} 51. Qd7+ {[%emt 0:00:06]} Kg6 {[%emt 0:00:02]} 1/2-1/2

[Event "European Online Club-ch-E 2021"]
[Site "Online"]
[Date "2021.03.27"]
[Round "7.14"]
[White "Abasov, Nijat"]
[Black "Angun, Batu"]
[Result "0-1"]
[WhiteElo "2664"]
[BlackElo "2326"]
[Annotator "ChessBase"]
[PlyCount "96"]
[EventDate "2021.03.27"]
[EventType "team-tourn"]
[EventCountry "NET"]
[SourceTitle "playchess.com"]
[Source "ChessBase"]
[SourceQuality "1"]
[TimeControl "900+5"]

1. c4 {[%emt 0:00:00]} Nf6 {[%emt 0:00:08]} 2. Nc3 {[%emt 0:00:02]} g6 {[%emt 0:00:05]} 3. Nf3 {[%emt 0:00:42]} Bg7 {[%emt 0:00:21]} 4. d4 {[%emt 0:00:11]} d5 {[%emt 0:00:06]} 5. cxd5 {[%emt 0:00:14]} Nxd5 {[%emt 0:00:04]} 6. Na4 {[%emt 0:00:00]} Bf5 {[%emt 0:01:38]} 7. Nh4 {[%emt 0:00:03]} Bd7 {[%emt 0:00:05]} 8. e4 {[%emt 0:00:03]} e5 {[%emt 0:00:08]} 9. Nf3 {[%emt 0:00:11]} Nb6 {[%emt 0:00:04]} 10. Nxb6 {[%emt 0:00:33]} axb6 {[%emt 0:00:10]} 11. Bg5 {[%emt 0:04:06]} f6 {[%emt 0:01:14]} 12. Be3 {[%emt 0:00:02]} exd4 {[%emt 0:00:19]} 13. Nxd4 {[%emt 0:00:10]} Qe7 {[%emt 0:00:43]} 14. Qb3 {[%emt 0:01:56]} Na6 {[%emt 0:03:09]} 15. Bb5 {[%emt 0:02:03]} Nc5 {[%emt 0:00:42]} 16. Bxd7+ {[%emt 0:00:02]} Qxd7 {[%emt 0:00:04]} 17. Qc2 {[%emt 0:00:02]} O-O {[%emt 0:00:29]} 18. O-O {[%emt 0:00:02]} Rfe8 {[%emt 0:00:46]} 19. Rfd1 {[%emt 0:01:53]} Nxe4 {[%emt 0:00:52]} 20. Rac1 {[%emt 0:00:14]} c5 {[%emt 0:01:02]} 21. Nf3 {[%emt 0:00:40]} Qf7 {[%emt 0:00:12]} 22. a3 {[%emt 0:00:04]} f5 {[%emt 0:00:47]} 23. Bf4 {[%emt 0:00:16]} Rad8 {[%emt 0:00:16]} 24. h4 {[%emt 0:00:02]} b5 {[%emt 0:00:44]} 25. Ng5 {[%emt 0:00:15]} Nxg5 {[%emt 0:00:13]} 26. Bxg5 {[%emt 0:00:06]} Rxd1+ {[%emt 0:00:05]} 27. Rxd1 {[%emt 0:00:00]} c4 {[%emt 0:00:16]} 28. Qd2 {[%emt 0:00:13]} Qe6 {[%emt 0:00:09]} 29. g3 {[%emt 0:00:17]} Qe4 {[%emt 0:00:46]} 30. Qd7 {[%emt 0:01:21]} h6 {[%emt 0:00:07]} 31. Be3 {[%emt 0:00:11]} Qc6 {[%emt 0:00:16]} 32. Qd2 {[%emt 0:00:17]} Kh7 {[%emt 0:00:09]} 33. Qb4 {[%emt 0:00:23]} Qf3 {[%emt 0:00:21]} 34. Rd7 {[%emt 0:00:15]} Rxe3 {[%emt 0:00:29]} 35. fxe3 {[%emt 0:00:00]} Qxg3+ {[%emt 0:00:04]} 36. Kf1 {[%emt 0:00:02]} Qf3+ {[%emt 0:00:07]} 37. Ke1 {[%emt 0:00:01]} Qxe3+ {[%emt 0:00:02]} 38. Kd1 {[%emt 0:00:15]} Qf3+ {[%emt 0:00:09]} 39. Kc1 {[%emt 0:00:17]} Qf4+ {[%emt 0:00:07]} 40. Kb1 {[%emt 0:00:14]} Qe5 {[%emt 0:00:13]} 41. Re7 {[%emt 0:00:09]} Qf6 {[%emt 0:00:05]} 42. Rxb7 {[%emt 0:00:14]} f4 {[%emt 0:00:08]} 43. Rxb5 {[%emt 0:00:19]} f3 {[%emt 0:00:07]} 44. Qxc4 {[%emt 0:00:01]} f2 {[%emt 0:00:05]} 45. Qf1 {[%emt 0:00:01]} Qxh4 {[%emt 0:00:08]} 46. Ka2 {[%emt 0:00:11]} Qf6 {[%emt 0:00:11]} 47. a4 {[%emt 0:00:13]} Qe6+ {[%emt 0:00:06]} 48. Rb3 {[%emt 0:00:01]} Qe1 {[%emt 0:00:05]} 0-1

[Event "European Online Club-ch-E 2021"]
[Site "Online"]
[Date "2021.03.27"]
[Round "7.15"]
[White "Ozenir, Ekin Baris"]
[Black "Durarbayli, Vasif"]
[Result "0-1"]
[WhiteElo "2309"]
[BlackElo "2606"]
[Annotator "ChessBase"]
[PlyCount "108"]
[EventDate "2021.03.27"]
[EventType "team-tourn"]
[EventCountry "NET"]
[SourceTitle "playchess.com"]
[Source "ChessBase"]
[SourceQuality "1"]
[TimeControl "900+5"]

1. d4 {[%emt 0:00:00]} d5 {[%emt 0:00:05]} 2. c4 {[%emt 0:00:03]} c6 {[%emt 0:00:01]} 3. cxd5 {[%emt 0:00:09]} cxd5 {[%emt 0:00:03]} 4. Bf4 {[%emt 0:00:02]} Nc6 {[%emt 0:00:07]} 5. e3 {[%emt 0:00:04]} Nf6 {[%emt 0:00:05]} 6. Nc3 {[%emt 0:00:12]} a6 {[%emt 0:01:02]} 7. Bd3 {[%emt 0:00:33]} Bg4 {[%emt 0:00:29]} 8. Nge2 {[%emt 0:00:25]} e6 {[%emt 0:00:41]} 9. O-O {[%emt 0:00:42]} Bd6 {[%emt 0:00:45]} 10. Bxd6 {[%emt 0:01:26]} Qxd6 {[%emt 0:00:16]} 11. Rc1 {[%emt 0:00:24]} O-O {[%emt 0:00:40]} 12. Qd2 {[%emt 0:00:34]} Bxe2 {[%emt 0:00:10]} 13. Qxe2 {[%emt 0:00:07]} Rac8 {[%emt 0:01:27]} 14. Rfd1 {[%emt 0:01:31]} Rc7 {[%emt 0:00:16]} 15. Na4 {[%emt 0:02:15]} Rfc8 {[%emt 0:00:41]} 16. Nc5 {[%emt 0:01:37]} a5 {[%emt 0:01:36]} 17. Qd2 {[%emt 0:02:28]} g6 {[%emt 0:01:02]} 18. h3 {[%emt 0:00:10]} b6 {[%emt 0:00:52]} 19. Na4 {[%emt 0:00:11]} Nb4 {[%emt 0:00:07]} 20. Rxc7 {[%emt 0:00:35]} Qxc7 {[%emt 0:00:35]} 21. Nc3 {[%emt 0:00:28]} Nxd3 {[%emt 0:00:20]} 22. Qxd3 {[%emt 0:00:02]} Ne8 {[%emt 0:00:09]} 23. g3 {[%emt 0:01:05]} Nd6 {[%emt 0:00:05]} 24. Nb5 {[%emt 0:00:37]} Nxb5 {[%emt 0:00:04]} 25. Qxb5 {[%emt 0:00:02]} Qc2 {[%emt 0:00:02]} 26. Rf1 {[%emt 0:00:58]} Rc6 {[%emt 0:00:11]} 27. Re1 {[%emt 0:00:22]} Kg7 {[%emt 0:00:21]} 28. Qe2 {[%emt 0:00:06]} Qf5 {[%emt 0:00:19]} 29. Kg2 {[%emt 0:00:08]} Rc2 {[%emt 0:00:06]} 30. Qf3 {[%emt 0:00:01]} Qxf3+ {[%emt 0:00:32]} 31. Kxf3 {[%emt 0:00:03]} Rxb2 {[%emt 0:00:02]} 32. Rc1 {[%emt 0:00:09]} a4 {[%emt 0:00:14]} 33. Rc6 {[%emt 0:00:07]} Kf6 {[%emt 0:00:44]} 34. a3 {[%emt 0:00:04]} Rb3 {[%emt 0:00:02]} 35. g4 {[%emt 0:00:02]} h5 {[%emt 0:00:21]} 36. Kf4 {[%emt 0:00:04]} g5+ {[%emt 0:00:24]} 37. Kf3 {[%emt 0:00:03]} h4 {[%emt 0:00:03]} 38. Kg2 {[%emt 0:00:01]} Ke7 {[%emt 0:01:07]} 39. Rc7+ {[%emt 0:00:03]} Ke8 {[%emt 0:00:32]} 40. Rb7 {[%emt 0:00:15]} f6 {[%emt 0:00:02]} 41. Kf3 {[%emt 0:00:08]} b5 {[%emt 0:00:36]} 42. Kg2 {[%emt 0:00:06]} Kd8 {[%emt 0:00:07]} 43. Rb6 {[%emt 0:00:03]} Kd7 {[%emt 0:00:02]} 44. Rb8 {[%emt 0:00:03]} Kc7 {[%emt 0:00:10]} 45. Rf8 {[%emt 0:00:02]} Rxa3 {[%emt 0:00:13]} 46. Rxf6 {[%emt 0:00:02]} Kd6 {[%emt 0:00:03]} 47. f4 {[%emt 0:00:02]} gxf4 {[%emt 0:00:04]} 48. Rxf4 {[%emt 0:00:03]} Rxe3 {[%emt 0:00:03]} 49. Kf2 {[%emt 0:00:04]} Rxh3 {[%emt 0:00:04]} 50. g5 {[%emt 0:00:03]} Rg3 {[%emt 0:00:02]} 51. Rxh4 {[%emt 0:00:04]} Rxg5 {[%emt 0:00:02]} 52. Rh8 {[%emt 0:00:02]} Rg4 {[%emt 0:00:07]} 53. Ke3 {[%emt 0:00:03]} Rg3+ {[%emt 0:00:02]} 54. Kd2 {[%emt 0:00:01]} Rb3 {[%emt 0:00:01]} 0-1

[Event "European Online Club-ch-E 2021"]
[Site "Online"]
[Date "2021.03.27"]
[Round "7.16"]
[White "Safarli, Eltaj"]
[Black "Tarlabasi, Emirhan"]
[Result "1-0"]
[WhiteElo "2598"]
[BlackElo "2301"]
[Annotator "ChessBase"]
[PlyCount "87"]
[EventDate "2021.03.27"]
[EventType "team-tourn"]
[EventCountry "NET"]
[SourceTitle "playchess.com"]
[Source "ChessBase"]
[SourceQuality "1"]
[TimeControl "900+5"]

1. e4 {[%emt 0:00:00]} e6 {[%emt 0:00:03]} 2. d4 {[%emt 0:00:03]} d5 {[%emt 0:00:01]} 3. Nd2 {[%emt 0:00:03]} a6 {[%emt 0:00:24]} 4. Ngf3 {[%emt 0:00:06]} c5 {[%emt 0:00:02]} 5. c3 {[%emt 0:00:07]} Nc6 {[%emt 0:00:35]} 6. Bd3 {[%emt 0:00:04]} Nf6 {[%emt 0:00:36]} 7. O-O {[%emt 0:00:05]} cxd4 {[%emt 0:02:19]} 8. cxd4 {[%emt 0:00:03]} Be7 {[%emt 0:00:18]} 9. Re1 {[%emt 0:00:19]} O-O {[%emt 0:01:25]} 10. e5 {[%emt 0:00:04]} Nd7 {[%emt 0:00:06]} 11. Nf1 {[%emt 0:00:03]} Re8 {[%emt 0:03:36]} 12. Ng3 {[%emt 0:00:21]} f5 {[%emt 0:00:27]} 13. exf6 {[%emt 0:00:13]} Bxf6 {[%emt 0:00:03]} 14. Nh5 {[%emt 0:00:54]} Nf8 {[%emt 0:01:45]} 15. Nxf6+ {[%emt 0:01:07]} Qxf6 {[%emt 0:00:24]} 16. Bg5 {[%emt 0:00:51]} Qf7 {[%emt 0:00:03]} 17. Qd2 {[%emt 0:00:36]} Bd7 {[%emt 0:00:22]} 18. Bf4 {[%emt 0:00:56]} Ng6 {[%emt 0:01:00]} 19. Bg3 {[%emt 0:00:31]} Rac8 {[%emt 0:00:15]} 20. Rac1 {[%emt 0:01:39]} Qf6 {[%emt 0:00:11]} 21. Bb1 {[%emt 0:00:39]} Nce7 {[%emt 0:01:48]} 22. h4 {[%emt 0:00:23]} Nf5 {[%emt 0:00:31]} 23. h5 {[%emt 0:00:22]} Nge7 {[%emt 0:00:17]} 24. Ne5 {[%emt 0:00:45]} Rxc1 {[%emt 0:00:09]} 25. Rxc1 {[%emt 0:00:10]} Bc6 {[%emt 0:00:07]} 26. Bf4 {[%emt 0:01:06]} h6 {[%emt 0:00:09]} 27. g4 {[%emt 0:00:12]} Nh4 {[%emt 0:00:01]} 28. Rc3 {[%emt 0:00:08]} Rf8 {[%emt 0:00:10]} 29. Bg3 {[%emt 0:00:02]} g5 {[%emt 0:00:10]} 30. hxg6 {[%emt 0:00:05]} Nhxg6 {[%emt 0:00:02]} 31. Qxh6 {[%emt 0:00:04]} Qg7 {[%emt 0:00:03]} 32. Qxg7+ {[%emt 0:00:20]} Kxg7 {[%emt 0:00:01]} 33. Bxg6 {[%emt 0:00:02]} Nxg6 {[%emt 0:00:01]} 34. Nxc6 {[%emt 0:00:01]} bxc6 {[%emt 0:00:02]} 35. Rxc6 {[%emt 0:00:01]} Nf4 {[%emt 0:00:08]} 36. Kf1 {[%emt 0:00:03]} a5 {[%emt 0:00:06]} 37. Ra6 {[%emt 0:00:18]} Nd3 {[%emt 0:00:02]} 38. Rxe6 {[%emt 0:00:03]} Nxb2 {[%emt 0:00:03]} 39. Rd6 {[%emt 0:00:33]} Nc4 {[%emt 0:00:02]} 40. Rd7+ {[%emt 0:00:02]} Kg6 {[%emt 0:00:01]} 41. Kg2 {[%emt 0:00:12]} Re8 {[%emt 0:00:09]} 42. Rxd5 {[%emt 0:00:15]} Re2 {[%emt 0:00:01]} 43. Rc5 {[%emt 0:00:01]} Na3 {[%emt 0:00:22]} 44. Rxa5 {[%emt 0:00:07]} 1-0

[Event "European Online Club-ch-E 2021"]
[Site "Online"]
[Date "2021.03.27"]
[Round "7.17"]
[White "Pavlidis, Antonios"]
[Black "Ozturk Orenli, Kubra"]
[Result "0-1"]
[WhiteElo "2536"]
[BlackElo "2330"]
[Annotator "ChessBase"]
[PlyCount "56"]
[EventDate "2021.03.27"]
[EventType "team-tourn"]
[EventCountry "NET"]
[SourceTitle "playchess.com"]
[Source "ChessBase"]
[SourceQuality "1"]
[TimeControl "900+5"]

1. e4 {[%emt 0:00:00]} e5 {[%emt 0:00:03]} 2. Nc3 {[%emt 0:00:03]} Nf6 {[%emt 0:00:06]} 3. d4 {[%emt 0:00:02]} exd4 {[%emt 0:01:47]} 4. Qxd4 {[%emt 0:00:03]} Nc6 {[%emt 0:00:04]} 5. Qd3 {[%emt 0:00:01]} Bb4 {[%emt 0:00:26]} 6. Bd2 {[%emt 0:00:03]} O-O {[%emt 0:00:09]} 7. O-O-O {[%emt 0:00:03]} Re8 {[%emt 0:00:31]} 8. Nge2 {[%emt 0:00:03]} d6 {[%emt 0:00:49]} 9. h3 {[%emt 0:00:05]} Ne5 {[%emt 0:00:27]} 10. Qg3 {[%emt 0:00:04]} Nh5 {[%emt 0:02:30]} 11. Qh2 {[%emt 0:00:03]} Nc4 {[%emt 0:00:08]} 12. Be1 {[%emt 0:00:03]} Qg5+ {[%emt 0:02:18]} 13. Kb1 {[%emt 0:00:29]} Qa5 {[%emt 0:01:16]} 14. Rd5 {[%emt 0:02:00]} c5 {[%emt 0:00:40]} 15. Rxh5 {[%emt 0:00:37]} Be6 {[%emt 0:00:58]} 16. Qg3 {[%emt 0:03:38]} Nxb2 {[%emt 0:00:09]} 17. Nc1 {[%emt 0:02:17]} Na4 {[%emt 0:00:36]} 18. Nxa4 {[%emt 0:00:26]} Bxe1 {[%emt 0:01:12]} 19. Nb2 {[%emt 0:00:03]} b5 {[%emt 0:01:15]} 20. Nb3 {[%emt 0:01:33]} Bxb3 {[%emt 0:00:23]} 21. cxb3 {[%emt 0:00:03]} Bc3 {[%emt 0:00:30]} 22. Be2 {[%emt 0:00:39]} Bxb2 {[%emt 0:00:07]} 23. Kxb2 {[%emt 0:02:54]} Qd2+ {[%emt 0:00:03]} 24. Ka1 {[%emt 0:00:01]} Qxe2 {[%emt 0:00:02]} 25. Rg5 {[%emt 0:00:02]} g6 {[%emt 0:00:02]} 26. h4 {[%emt 0:00:01]} Qxe4 {[%emt 0:00:06]} 27. h5 {[%emt 0:00:02]} Qd4+ {[%emt 0:00:02]} 28. Kb1 {[%emt 0:00:02]} Re2 {[%emt 0:00:05]} 0-1

[Event "European Online Club-ch-E 2021"]
[Site "Online"]
[Date "2021.03.27"]
[Round "7.18"]
[White "Caglar, Sila"]
[Black "Stefanou, Dimitrios"]
[Result "1-0"]
[WhiteElo "2250"]
[BlackElo "2099"]
[Annotator "NA"]
[PlyCount "97"]
[EventDate "2021.03.27"]
[EventType "team-tourn"]
[EventCountry "NET"]
[SourceTitle "playchess.com"]
[Source "ChessBase"]
[SourceQuality "1"]
[TimeControl "900+5"]

1. e4 {[%emt 0:00:00]} e5 {[%emt 0:00:03]} 2. Nf3 {[%emt 0:00:06]} Nc6 {[%emt 0:00:04]} 3. Bc4 {[%emt 0:00:05]} Bc5 {[%emt 0:00:03]} 4. O-O {[%emt 0:00:05]} Nf6 {[%emt 0:00:12]} 5. d3 {[%emt 0:00:09]} O-O {[%emt 0:00:04]} 6. Re1 {[%emt 0:00:16]} a6 {[%emt 0:03:00]} 7. c3 {[%emt 0:00:11]} d6 {[%emt 0:00:06]} 8. b4 {[%emt 0:00:28]} Ba7 {[%emt 0:00:06]} 9. a4 {[%emt 0:00:02]} Ne7 {[%emt 0:00:07]} 10. a5 {[%emt 0:00:33]} Ng6 {[%emt 0:00:10]} 11. Nbd2 {[%emt 0:00:31]} c6 {[%emt 0:00:15]} 12. Nf1 {[%emt 0:00:21]} d5 {[%emt 0:00:39]} 13. Bb3 {[%emt 0:00:47]} Re8 {[%emt 0:02:39]} 14. h3 {[%emt 0:01:41]} h6 {[%emt 0:00:10]} 15. Bd2 {[%emt 0:00:51]} Be6 {[%emt 0:02:33]} 16. Ng3 {[%emt 0:01:22]} Qd7 {[%emt 0:00:50]} 17. exd5 {[%emt 0:00:34]} Bxd5 {[%emt 0:00:21]} 18. Be3 {[%emt 0:00:44]} Bxe3 {[%emt 0:00:36]} 19. Rxe3 {[%emt 0:00:09]} Bxb3 {[%emt 0:00:08]} 20. Qxb3 {[%emt 0:00:04]} Nd5 {[%emt 0:00:12]} 21. Re4 {[%emt 0:00:08]} f5 {[%emt 0:00:30]} 22. Re2 {[%emt 0:00:10]} Kh7 {[%emt 0:00:22]} 23. Rd1 {[%emt 0:00:40]} Ndf4 {[%emt 0:00:11]} 24. Red2 {[%emt 0:00:07]} Rf8 {[%emt 0:00:41]} 25. d4 {[%emt 0:01:03]} e4 {[%emt 0:00:29]} 26. Ne5 {[%emt 0:00:06]} Qe8 {[%emt 0:00:37]} 27. Kh2 {[%emt 0:01:16]} Nxe5 {[%emt 0:00:14]} 28. dxe5 {[%emt 0:00:03]} Qxe5 {[%emt 0:00:17]} 29. Rd7 {[%emt 0:00:04]} Nd3 {[%emt 0:00:18]} 30. Qc4 {[%emt 0:00:49]} Nxf2 {[%emt 0:00:31]} 31. Qd4 {[%emt 0:00:09]} Qxd4 {[%emt 0:00:20]} 32. R1xd4 {[%emt 0:00:03]} Nd3 {[%emt 0:00:30]} 33. Rxb7 {[%emt 0:00:08]} Rad8 {[%emt 0:00:04]} 34. Rxd8 {[%emt 0:00:07]} Rxd8 {[%emt 0:00:01]} 35. Nxf5 {[%emt 0:00:02]} Ne5 {[%emt 0:00:17]} 36. Rxg7+ {[%emt 0:00:09]} Kh8 {[%emt 0:00:02]} 37. Re7 {[%emt 0:00:04]} Nc4 {[%emt 0:00:16]} 38. Nxh6 {[%emt 0:00:06]} Rd3 {[%emt 0:00:04]} 39. Rxe4 {[%emt 0:00:06]} Rxc3 {[%emt 0:00:01]} 40. Nf7+ {[%emt 0:00:40]} Kg7 {[%emt 0:00:02]} 41. Ne5 {[%emt 0:00:02]} Nd6 {[%emt 0:00:05]} 42. Rd4 {[%emt 0:00:58]} Nf5 {[%emt 0:00:07]} 43. Rc4 {[%emt 0:01:16]} Rxc4 {[%emt 0:00:04]} 44. Nxc4 {[%emt 0:00:02]} Nd4 {[%emt 0:00:02]} 45. Ne5 {[%emt 0:00:37]} Kf6 {[%emt 0:00:06]} 46. Nd7+ {[%emt 0:00:04]} Ke6 {[%emt 0:00:05]} 47. Nc5+ {[%emt 0:00:02]} Kd5 {[%emt 0:00:02]} 48. Nxa6 {[%emt 0:00:01]} Kc4 {[%emt 0:00:07]} 49. Nc7 {[%emt 0:00:06]} 1-0

[Event "European Online Club-ch-E 2021"]
[Site "Online"]
[Date "2021.03.27"]
[Round "7.19"]
[White "Koutlas, Nikolaos"]
[Black "Ince, Safiye Oyku"]
[Result "1-0"]
[WhiteElo "2078"]
[BlackElo "1995"]
[Annotator "NA"]
[PlyCount "49"]
[EventDate "2021.03.27"]
[EventType "team-tourn"]
[EventCountry "NET"]
[SourceTitle "playchess.com"]
[Source "ChessBase"]
[SourceQuality "1"]
[TimeControl "900+5"]

1. e4 {[%emt 0:00:00]} c5 {[%emt 0:00:05]} 2. Nf3 {[%emt 0:00:02]} e6 {[%emt 0:00:02]} 3. d4 {[%emt 0:00:02]} cxd4 {[%emt 0:00:04]} 4. Nxd4 {[%emt 0:00:00]} Nc6 {[%emt 0:00:03]} 5. Nc3 {[%emt 0:00:03]} Qc7 {[%emt 0:00:02]} 6. Be2 {[%emt 0:00:02]} Nf6 {[%emt 0:00:05]} 7. O-O {[%emt 0:00:06]} Be7 {[%emt 0:00:23]} 8. Be3 {[%emt 0:00:21]} O-O {[%emt 0:00:28]} 9. Kh1 {[%emt 0:00:25]} d6 {[%emt 0:00:22]} 10. Nb3 {[%emt 0:00:36]} Rd8 {[%emt 0:01:45]} 11. f4 {[%emt 0:00:32]} d5 {[%emt 0:01:32]} 12. e5 {[%emt 0:00:17]} Ne4 {[%emt 0:00:06]} 13. Qe1 {[%emt 0:05:07]} Bb4 {[%emt 0:05:35]} 14. Nb5 {[%emt 0:01:36]} Qb8 {[%emt 0:00:34]} 15. c3 {[%emt 0:00:20]} Be7 {[%emt 0:00:27]} 16. Bd3 {[%emt 0:01:01]} a6 {[%emt 0:00:25]} 17. N5d4 {[%emt 0:00:03]} Nxd4 {[%emt 0:02:00]} 18. Nxd4 {[%emt 0:00:04]} Nc5 {[%emt 0:00:15]} 19. Bc2 {[%emt 0:02:12]} f5 {[%emt 0:01:15]} 20. g4 {[%emt 0:02:26]} fxg4 {[%emt 0:00:29]} 21. Rg1 {[%emt 0:00:53]} h5 {[%emt 0:00:35]} 22. h3 {[%emt 0:00:08]} gxh3 {[%emt 0:00:03]} 23. Rxg7+ {[%emt 0:00:26]} Kxg7 {[%emt 0:00:03]} 24. Qg3+ {[%emt 0:00:02]} Kh8 {[%emt 0:00:07]} 25. Rg1 {[%emt 0:00:08]} 1-0

[Event "European Online Club-ch-E 2021"]
[Site "Online"]
[Date "2021.03.27"]
[Round "7.20"]
[White "Aydin, Gulenay"]
[Black "Zisiadis, Dimitrios"]
[Result "1-0"]
[WhiteElo "1975"]
[BlackElo "2042"]
[Annotator "NA"]
[PlyCount "33"]
[EventDate "2021.03.27"]
[EventType "team-tourn"]
[EventCountry "NET"]
[SourceTitle "playchess.com"]
[Source "ChessBase"]
[SourceQuality "1"]
[TimeControl "900+5"]

1. e4 {[%emt 0:00:00]} g6 {[%emt 0:00:15]} 2. d4 {[%emt 0:00:04]} Bg7 {[%emt 0:00:02]} 3. Nc3 {[%emt 0:00:02]} a6 {[%emt 0:00:06]} 4. Nf3 {[%emt 0:00:05]} d6 {[%emt 0:00:03]} 5. Be3 {[%emt 0:00:33]} Nf6 {[%emt 0:00:06]} 6. Bd3 {[%emt 0:00:17]} b5 {[%emt 0:00:02]} 7. Qd2 {[%emt 0:00:08]} Bb7 {[%emt 0:00:04]} 8. Bh6 {[%emt 0:00:54]} O-O {[%emt 0:03:32]} 9. h4 {[%emt 0:03:02]} b4 {[%emt 0:00:09]} 10. Nd5 {[%emt 0:00:17]} Nbd7 {[%emt 0:01:09]} 11. h5 {[%emt 0:01:37]} e5 {[%emt 0:04:12]} 12. Bxg7 {[%emt 0:02:10]} Kxg7 {[%emt 0:00:04]} 13. hxg6 {[%emt 0:00:01]} fxg6 {[%emt 0:00:02]} 14. Qh6+ {[%emt 0:00:07]} Kg8 {[%emt 0:00:02]} 15. Ng5 {[%emt 0:01:06]} Bxd5 {[%emt 0:00:25]} 16. Nxh7 {[%emt 0:01:33]} Rf7 {[%emt 0:00:41]} 17. Ng5 {[%emt 0:00:34]} 1-0